000 00744nam a22002057a 4500
005 20251108164251.0
008 250721s1992 xx 000 0 ara d
082 1 4 _a621.4/كير
100 1 _aسيندن، كير
245 1 0 _aالحرارة التطبيقية للمهندسين /
264 1 _aالموصل :
_bوزارة التعليم العالي و البحث العلمي- جامعة الموصل،
_c1992.
300 _a536ص
650 1 7 _aالهندسة الحرارية
650 1 7 _aالحرارة
700 1 _aالعلي، برهان محمود أحمد
_eترجمة
700 1 _aفتح، دريد عبد الله
_eترجمة
700 1 _aمصطفى، بهجت مجيد
_eترجمة
942 _2ddc
_cBK
999 _c7923
_d7923